000 00621nam a22002171c 4500
001 a987694048
008 200114s2018 gw |||| 000u eng d
020 _a9781501725050
_9978-1-501-72505-0
041 _aeng
100 1 _aShifrinson, Joshua R. Itzkowitz
245 0 0 _aRising Titans, Falling Giants :
_bHow Great Powers Exploit Power Shifts
264 _aIthaca :
_bCornell University Press,
_c2018
300 _a253 Seiten
650 0 _aAußenpolitik
651 0 _aSowjetunion
651 0 _aUSA
942 _cMG
040 _cRU-10907106
003 RU-10907106
999 _c24148
_d24148
490 0 _aCornell Studies in Security Affairs